<?xml version="1.0" encoding="UTF-8"?>
<record
    xmlns:xsi="http://www.w3.org/2001/XMLSchema-instance"
    xsi:schemaLocation="http://www.loc.gov/MARC21/slim http://www.loc.gov/standards/marcxml/schema/MARC21slim.xsd"
    xmlns="http://www.loc.gov/MARC21/slim">

  <leader>00388    a2200133   4500</leader>
  <controlfield tag="005">20250629095251.0</controlfield>
  <datafield tag="020" ind1=" " ind2=" ">
    <subfield code="a">0-658-01429-3</subfield>
  </datafield>
  <datafield tag="082" ind1=" " ind2=" ">
    <subfield code="a">659 MAR</subfield>
  </datafield>
  <datafield tag="100" ind1=" " ind2=" ">
    <subfield code="a">MARCONI, J.</subfield>
  </datafield>
  <datafield tag="245" ind1=" " ind2=" ">
    <subfield code="a">Reputation Marketing: Building and Sustaining Your Organizations Greatest Asset.</subfield>
  </datafield>
  <datafield tag="260" ind1=" " ind2=" ">
    <subfield code="a">New York,</subfield>
    <subfield code="b">McGraw Hill,</subfield>
    <subfield code="c">2002.</subfield>
  </datafield>
  <datafield tag="300" ind1=" " ind2=" ">
    <subfield code="a">xi,227p.; </subfield>
    <subfield code="b">Bibliography &amp; Index</subfield>
    <subfield code="c">23cm</subfield>
  </datafield>
  <datafield tag="942" ind1=" " ind2=" ">
    <subfield code="2">ddc</subfield>
    <subfield code="c">BKS</subfield>
  </datafield>
  <datafield tag="999" ind1=" " ind2=" ">
    <subfield code="c">6243</subfield>
    <subfield code="d">6243</subfield>
  </datafield>
  <datafield tag="952" ind1=" " ind2=" ">
    <subfield code="r">2025-06-29 09:53:50</subfield>
    <subfield code="l">0</subfield>
    <subfield code="o">659 MAR</subfield>
    <subfield code="p">DOM0004233</subfield>
    <subfield code="v">135000.00</subfield>
    <subfield code="w">2025-06-29</subfield>
    <subfield code="y">BKS</subfield>
    <subfield code="1">0</subfield>
    <subfield code="2">ddc</subfield>
    <subfield code="4">0</subfield>
    <subfield code="7">0</subfield>
    <subfield code="0">0</subfield>
    <subfield code="a">004</subfield>
    <subfield code="b">004</subfield>
    <subfield code="c">GEN</subfield>
    <subfield code="d">2009-06-03</subfield>
    <subfield code="g">45000.00</subfield>
  </datafield>
  <datafield tag="952" ind1=" " ind2=" ">
    <subfield code="r">2025-06-29 10:23:00</subfield>
    <subfield code="l">0</subfield>
    <subfield code="o">659.285MAR</subfield>
    <subfield code="p">DOM0003853</subfield>
    <subfield code="v">135000.00</subfield>
    <subfield code="w">2025-06-29</subfield>
    <subfield code="y">BKS</subfield>
    <subfield code="1">0</subfield>
    <subfield code="2">ddc</subfield>
    <subfield code="4">0</subfield>
    <subfield code="7">0</subfield>
    <subfield code="0">0</subfield>
    <subfield code="a">004</subfield>
    <subfield code="b">004</subfield>
    <subfield code="c">GEN</subfield>
    <subfield code="d">2009-06-03</subfield>
    <subfield code="g">45000.00</subfield>
  </datafield>
  <datafield tag="952" ind1=" " ind2=" ">
    <subfield code="r">2025-06-29 10:23:42</subfield>
    <subfield code="l">0</subfield>
    <subfield code="o">659.285MAR</subfield>
    <subfield code="p">DOM0003868</subfield>
    <subfield code="v">135000.00</subfield>
    <subfield code="w">2025-06-29</subfield>
    <subfield code="y">BKS</subfield>
    <subfield code="1">0</subfield>
    <subfield code="2">ddc</subfield>
    <subfield code="4">0</subfield>
    <subfield code="7">0</subfield>
    <subfield code="0">0</subfield>
    <subfield code="a">004</subfield>
    <subfield code="b">004</subfield>
    <subfield code="c">GEN</subfield>
    <subfield code="d">2009-06-03</subfield>
    <subfield code="g">45000.00</subfield>
  </datafield>
</record>
